Estudios de Derecho de Familia VII. Actas de las séptimas jornadas nacionales. Facultad de Derecho. Universidad Alberto Hurtado

Guardat en:
Dades bibliogràfiques
Autor principal: Barrientos Camus, Francisca (directora)
Autor corporatiu: Jornadas Nacionales de Derecho de Familia VII Universidad Alberto Hurtado
Altres autors: Gacitúa, Catalina (coordinadora), Lobos, Francisca (coordinadora), Barria Díaz, Rodrigo (Editor), Conley, Bernardita (editora), Ocampo, Natalia (editora), Silva, Valentina (editora)
Format: Actes de congresos
Publicat: Santiago, Chile: Thomson Reuters; Legal Publishing, 2024.
Edició:1ª edición
Matèries:
Etiquetes: Afegir etiqueta
Sense etiquetes, Sigues el primer a etiquetar aquest registre!

MARC

LEADER 00000 a2200000 4500
003 CL-VaPUC
005 20250416110301.0
008 240719t2024 ||||| |||| 00| 0 eng d
020 |a 978-956-400-526-3 
040 |c Pontificia Universidad Católica de Valparaíso 
082 7 |2 22  |a 346.83016 BAR 2024 
100 |9 605724  |a Barrientos Camus, Francisca  |e directora 
111 |9 890228  |a Jornadas Nacionales de Derecho de Familia VII  |c Universidad Alberto Hurtado  |d 15 y 16 de junio del año 2023 
245 |a Estudios de Derecho de Familia VII.   |b Actas de las séptimas jornadas nacionales. Facultad de Derecho. Universidad Alberto Hurtado 
250 |a 1ª edición 
260 |a Santiago, Chile:  |b Thomson Reuters;  |b Legal Publishing,  |c 2024. 
300 |a 861 páginas 
583 |k Angela Raggi  |c 20240719 
650 0 |9 868790  |a Derecho de familia  |z Chile 
650 0 |9 885433  |a Matrimonio  |x Nulidad matrimonial  |x Separación conyugal  |z Chile 
650 0 |a Codigo civil chileno  |x Pareja  |9 890233 
650 0 |9 880665  |a Matrimonio igualitario   |v Análisis  |x Código civil   |z Chile  
650 0 |9 699429  |a Protección de la vida privada  |z Chile 
650 0 |9 357527  |a Sociedad conyugal   |z Chile 
650 0 |9 889690  |a Niños, niñas y adolescentes (NNA)  |x Regimen comunicacional  |x Tutela compartida  |z Chile 
650 0 |9 890232  |a Deudores de pensiones de alimentos  |z Chile 
650 0 |9 890231  |a Cambio de nombre  |x Apellido  |z Chile 
650 0 |9 890230  |a Padres divorciados 
650 0 |9 715556  |a Familias de acogida  |z Chile 
650 0 |9 344520  |a Cementerios  |v Privados  |x Sepultura familiar 
650 0 |9 870031  |a Violencia intrafamiliar   |x Ley 20.066, Ley de violencia intrafamiliar  |x Ordenamiento jurídico chileno 
700 |9 890223  |a Gacitúa, Catalina  |e coordinadora 
700 |9 890224  |a Lobos, Francisca  |e coordinadora 
700 |9 859441  |a Barria Díaz, Rodrigo  |e editor  
700 |9 890225  |a Conley, Bernardita  |e editora 
700 |9 890226  |a Ocampo, Natalia  |e editora 
700 |9 890227  |a Silva, Valentina  |e editora 
942 |2 ddc  |c BK 
999 |c 444220  |d 444218 
952 |0 0  |1 0  |2 ddc  |4 0  |6 346_830160000000000_BAR_2024  |7 0  |8 A  |9 595785  |a BIBDER  |b BIBDER  |d 2024-07-19  |e 31  |g 0.00  |i 5662268  |l 5  |m 1  |o 346.83016 BAR 2024  |p 5662268  |r 2025-03-31  |s 2024-11-25  |t 1  |v 0.00  |w 2024-07-19  |y BK  |k DER 
952 |0 0  |1 0  |2 ddc  |4 0  |6 346_830160000000000_BAR_2024  |7 0  |8 A  |9 596332  |a BIBGIM  |b BIBGIM  |d 2024-08-21  |e 22  |g 135999.00  |i 5662420  |l 1  |o 346.83016 BAR 2024  |p 5662420  |r 2025-01-14  |s 2024-09-02  |t 3  |v 135999.00  |w 2024-08-21  |y BK  |k SSL 
952 |0 0  |1 0  |2 ddc  |4 0  |6 346_830160000000000_BAR_2024  |7 0  |8 A  |9 596333  |a BIBGIM  |b BIBGIM  |d 2024-08-21  |e 22  |g 135999.00  |i 5662419  |o 346.83016 BAR 2024  |p 5662419  |r 2025-01-15  |t 2  |v 135999.00  |w 2024-08-21  |y BK  |k SSL